00720nam a2200217Ia 450000500170000000800410001702000150005808200180007310000340009124500780012525000190020330000430022265000520026594200120031726400350032933600270036433700330039133800280042404000350045299900150048720220317001146.0160825s2005 ck a g 000 0 spa  a958824507904a387.71 bE71a1 aEscobar Arango, Carlosd1952-10aAces o deshaces?bhistoria de una desintegracióncCarlos Escobar Arango a2a. edición  a162 páginas bilustraciones c22 cm 142LEMBaAviación comercialxHistoriazColombia  2ddccBK aMedellínbHombre Nuevoc2005 atextobtxt2rdacontent asin mediaciónbn2rdamedia avolumenbnc2rdacarrier aCO-BoRNBPbspaerdacCO-BoRNBP c6102d6102